Представление документа в формате RUSMARC

ПолеНазваниеЗначение
  Тип записи a
  Библиографический уровень m
001 Контрольный номер UONB/MAIN/1085dbc178e940eb8bb5f20736a30d86
005 Дата корректировки 20250520124638.5
010 Индекс ISBN __
b Уточнения в пер.
d Цена 2 р. 15 к.
100 Данные общей обработки __
a Данные общей обработки 20231008d1967 u y0rusy0189 ca
101 Язык документа 1_
a Язык текста eng
102 Страна публикации __
a Страна публикации RU
105 Кодированные данные (монография) __
a Кодированные данные (монография) a z 001yy
200 Заглавие и сведения об ответственности 1_
a Заглавие Проблемы современной уплотнительной техники
e Сведения, относящиеся к заглавию сборник докладов на Второй Междунар. конференции в Кренфилде, Англия, 1964 г.
e Сведения, относящиеся к заглавию пер. с англ.
f Первые сведения об ответственности под ред. [и предисл.] В.Н. Прокофьева, Л.А. Кондакова
203 Вид содержания и тип средства __
a Вид содержания Текст
b Характеристика содержания визуальный
c Тип средства непосредственный
210 Выходные данные 1_
a Место издания Москва
c Издательство Мир
d Дата издания 1967
215 Физическое описание __
a Объем 482 с.
c Иллюстрации/тип воспроизводства ил.
d Формат 22 см
300 Общие примечания __
a Общие примечания Доп. тит. л.: Proceedings of the Second International conference on fluid sealing
320 Библиография __
a Библиография Библиогр. в конце докл.
606 Тематические рубрики 0_
a Основная рубрика Уплотнительные прокладки
j Формальный подзаголовок Сборники
610 Ключевые слова 0_
a Ключевые слова уплотнительные прокладки; уплотнительная техника
675 Индекс УДК __
a Индекс УДК 6П5.318
686 Индексы других классификаций __
a Классификационный индекс 34
2 Код системы rubbk
702 Вторичная интеллектуальная ответственность _1
a Фамилия Прокофьев
b Имя (инициалы) В.Н.
g Полное личное имя Владимир Николаевич
4 Код отношения 340
702 Вторичная интеллектуальная ответственность _1
a Фамилия Кондаков
b Имя (инициалы) Л.А.
4 Код отношения 340
801 Источник записи _0
a Страна RU
b Организация Ульяновская ОНБ
c Дата составления 20231008
g Правила каталогизации RCR
801 Источник записи _1
a Страна RU
b Организация Ульяновская ОНБ
c Дата составления 20231008
g Правила каталогизации RCR
901 Тип документа __
t Тип документа m
909 Создатель записи __
a Создатель записи Полина
b Дата создания записи 20231008